000 00622nam a2200193 i 4500
001 146278
003 ES-MaACL
005 20230906201457.0
007 t|
008 070906s1960 sp ||||1| spa d
100 1 _aAbella, Fermín.
_9198007
245 1 0 _aTratado de Procedimiento Administrativo /
_cFermín Abella ; por la Redacción de El Consultor de los Ayuntamientos.
250 _a1ª ed.
260 _a[Madrid :
_bTip. Plo Raz],
_c1960.
300 _a341 p. ;
_c25 cm.
710 2 _aEl Consultor de los Ayuntamientos y de los Juzgados.
_93454
852 _aES-MaACL
_jC-20104
_bR.47078
999 _c146278
_d146278